000 00527nam a2200229Ia 4500
003 0100
008 130303s9999 xx 000 0 und d
020 _a23833408
040 _cARRUPELIB
050 _aK231.M67 1980
100 _aMorawetz, Thomas
245 4 _aThe philosophy of law
245 _ban introduction
260 _aNew York
260 _bMacmillan
260 _C1980
300 _ax
300 _b 238p. 21cm.
650 _bSpiritual life Christian life
700 _aThomas Morawetz
942 0 0 _02
999 _c16756
_d16756